000 003950000a22001690004500
003 LK-CoMWRAF
008 230817t ||||| |||| 00| 0 eng d
040 _aLK-CoMWRAF
_dLK-CoMWRAF
_eLK-CoMWRAF
041 _aeng
082 _a730
_bCOS
245 _aThe cost of war
_bSri Lanka
260 _aColombo
_bNPCSL
_c1998
300 _ap.31
490 _a
650 _aEthnic Conflict
942 _cBK
999 _c2528
_d2528